Geography Quiz

Random Geography or City Quiz
Score 0/25 Timer 09:00
2 Plays Today
City in Spanish City % Correct
Búfalo Buffalo
98.9%
Ciudad del lago saladoSalt Lake City
92.8%
San LuisSt. Louis
88.8%
San PabloSt. Paul
86.7%
Piedra pequeñaLittle Rock
82.3%
Bahía verdeGreen Bay
77.6%
Agua claraClearwater
77.4%
Ciudad océanoOcean City
75.4%
Tierra del puertoPortland
73.1%
Playa oeste palmaWest Palm Beach
67.8%
Playa largaLong Beach
66.3%
Pueblo de JaimeJamestown
66.3%
Refugio nuevoNew Haven
60.5%
City in Spanish City % Correct
Curva del surSouth Bend
49.4%
Llanuras blancasWhite Plains
47.6%
Noticias de puerto nuevoNewport News
47.5%
Césped verde para bolosBowling Green
45.2%
Boca de los puertosPortsmouth
37.8%
Parque de la tierra altaHighland Park
37.3%
Roca grandeBoulder
37.1%
RiberaRiverside
34%
Puente puertoBridgeport
29.9%
Refugio contra el inviernoWinter Haven
26.1%
Arroyo de batallaBattle Creek
25.5%
Tierra del robleOakland
20.7%
Remove Ads.
Support Sporcle.
Get the best of Sporcle when you Go Orange. This ad-free experience offers more features, more stats, and more fun while also helping to support Sporcle. Thank you for becoming a member.

You're not logged in!

Compare scores with friends on all Sporcle quizzes.
OR
Log In

Show Comments

Extras

Top Quizzes Today


Score Distribution

Your Account Isn't Verified!

In order to create a playlist on Sporcle, you need to verify the email address you used during registration. Go to your Sporcle Settings to finish the process.

Report this User

Report this user for behavior that violates our Community Guidelines.

Details: